| 000 | 00575nam a2200181 i 4500 | ||
|---|---|---|---|
| 001 | 26045 | ||
| 003 | ES-MaACL | ||
| 005 | 20251118145149.0 | ||
| 007 | t| | ||
| 008 | 030107s1910 ag ||||1| spa d | ||
| 100 | 1 |
_aArengo, Eduardo L. _922616 |
|
| 245 | 1 | 3 |
_aEl alma de los clarines / _cEduardo Arengo ; [prólogo de José de San Martín]. |
| 260 |
_a[Buenos Aires : _bs.n., _c1910] |
||
| 300 |
_a62 p. : _bil. ; _c22 cm. |
||
| 700 | 1 |
_aSan Martín, José de, _d1778-1850 _9102261 |
|
| 852 |
_aES-MaACL _j1661-F-17 _q. - Ded. autógr. del autor |
||
| 999 |
_c26045 _d26045 |
||